000 00694nam a2200229Ia 4500
003 OSt
005 20220923212320.0
006 a|||||r|||| 00| 0
007 ta
008 220922b |||||||| |||| 00| 0 hin d
024 _a152,179
037 _cTextual
040 _aARTS
_cARTS
_bhin
041 _2hin
_ahin
082 _a/\25v2:H, 152J8
100 _aमिश्र, दुर्गा शंकर
245 0 _aभक्ति काव्य के मूलस्तोत्र
246 _aBhakti kāvya ke mūlastotra
260 _c1958
942 _h/\25v2:H, 152J8
_cTEXL
_2CC
999 _c307828
_d307828